Suomen 100 yleisintä saaren nimeä - Statistics

Yleistilastot
  • Tätä visaa on pelattu 202 kertaa
  • Keskiarvotulos 48 / 100
Vastaustilastot
Määrä Nimi % Oikein
196 Mäntysaari
93%
84 Kuusisaari
89%
62 Koivuluoto
88%
216 Koivusaari
88%
322 Isosaari
82%
35 Kiviluoto
81%
88 Kivisaari
81%
184 Pikkusaari
79%
36 Suursaari
77%
34 Kalliokari
75%
35 Kallioluoto
75%
362 Kalliosaari
75%
74 Karhusaari
75%
162 Haapasaari
74%
60 HIrvisaari
72%
71 Leppäkari
71%
228 Lammassaari
66%
53 Lokkiluoto
66%
34 Lokkisaari
66%
41 Kalasaari
64%
55 Heinäluoto
62%
114 Heinäsaari
62%
112 Pienisaari
62%
172 Mustasaari
61%
61 Hevossaari
60%
71 Peltosaari
60%
60 Kirkkosaari
59%
94 Koirasaari
58%
41 Kissasaari
57%
126 Korkeasaari
57%
51 Pitkäkari
57%
97 Pitkäsaari
57%
89 lehtisaari
54%
57 Hietasaari
53%
92 Suurisaari
52%
42 Viitasaari
52%
39 Mustikkasaari
51%
74 Niittysaari
51%
163 Jänissaari
50%
52 Kanasaari
50%
52 Kotisaari
50%
194 Lehtosaari
50%
37 Marjasaari
49%
162 Saunasaari
49%
77 Korpisaari
48%
44 Särkisaari
48%
61 Kukkosaari
47%
41 Lehmisaari
47%
88 Tervasaari
47%
78 Rajasaari
46%
41 Selkäkari
46%
66 Selkäluoto
46%
317 Selkäsaari
46%
96 Vuohisaari
46%
59 Hautasaari
45%
36 Heposaari
45%
41 Kanisaari
44%
84 Varissaari
44%
81 Pajusaari
42%
44 Pyöreäsaari
42%
35 Vääräsaari
42%
97 Vasikkasaari
42%
209 Palosaari
41%
58 Tulisaari
41%
109 Kotasaari
40%
34 Honkaluoto
39%
201 Honkasaari
39%
47 Paskosaari
39%
57 Likosaari
38%
85 Majasaari
38%
36 Kortesaari
36%
70 Kuikkasaari
36%
116 Lamposaari
36%
62 Myllysaari
36%
126 Sikosaari
36%
81 Halkosaari
34%
43 Latosaari
34%
50 Papinsaari
34%
43 Ristisaari
34%
52 Ruunasaari
34%
48 Hoikkassaari
33%
45 Ruissaari
33%
57 Lapinsaari
31%
53 Marjosaari
31%
73 Pirttisaari
30%
41 Savisaari
30%
61 Ukonsaari
30%
78 Ahosaari
29%
59 Korkiasaari
29%
166 Verkkosaari
29%
75 Aittosaari
27%
128 Nuottasaari
20%
50 Nuottisaari
19%
68 Kalmosaari
14%
37 Rapasaari
11%
62 Kokkosaari
8%
41 Niinisaari
6%
46 Eteissaari
4%
51 Louhisaari
3%
58 Murtosaari
2%
Ehtoja vastaavia visoja ei löytynyt
Tulosjakauma
Jokaisen tuloksen saaneiden osuus
Persentiili vastausten määrän mukaan
Tuloshistoriasi
Et ole pelannut tätä visaa